Výkaz ziskov a strát a prehľad peňažných tokov v kontexte prezentácie finančnej výkonnosti bakalárska práca

Guardado en:
Detalles Bibliográficos
Autor principal: Molíková, Veronika
Autor Corporativo: Fakulta hospodárskej informatiky EU. Katedra účtovníctva a audítorstva
Otros Autores: Kucková, Alena
Formato: Libro
Lenguaje:eslovaco
Publicado: Bratislava 2011
Etiquetas: Agregar Etiqueta
Sin Etiquetas, Sea el primero en etiquetar este registro!

MARC

LEADER 00000nbm a2200000 4500
001 0141272
005 20161109111746.6
041 0 |a slo 
044 |a SK 
245 1 0 |a Výkaz ziskov a strát a prehľad peňažných tokov v kontexte prezentácie finančnej výkonnosti  |b bakalárska práca  |c Veronika Molíková ; školiteľ: Alena Kucková 
264 1 |a Bratislava  |c 2011 
300 |a 57 s. 
100 1 |a Molíková, Veronika 
700 1 |a Kucková, Alena 
710 2 |a Fakulta hospodárskej informatiky EU. Katedra účtovníctva a audítorstva